Štrukturované produkty a zaistené fondy diplomová práca

Salvato in:
Dettagli Bibliografici
Autore principale: Blanárová, Jana
Ente Autore: Národohospodárska fakulta EU. Katedra bankovníctva a medzinárodných financií
Altri autori: Chovancová, Božena
Natura: Libro
Lingua:slovacco
Pubblicazione: Bratislava 2013
Tags: Aggiungi Tag
Nessun Tag, puoi essere il primo ad aggiungerne!!

MARC

LEADER 00000nbm a2200000 4500
001 0169191
005 20161109102246.2
041 0 |a slo 
044 |a SK 
245 1 0 |a Štrukturované produkty a zaistené fondy  |b diplomová práca  |c Jana Blanárová ; školiteľ: Božena Chovancová 
264 1 |a Bratislava  |c 2013 
300 |a 74 s. 
100 1 |a Blanárová, Jana 
700 1 |a Chovancová, Božena 
710 2 |a Národohospodárska fakulta EU. Katedra bankovníctva a medzinárodných financií